| 000 | 00758nam a22002417a 4500 | ||
|---|---|---|---|
| 001 | 3405 | ||
| 003 | FISKH | ||
| 005 | 20240305152302.0 | ||
| 008 | 240301b cb ||||| |||| 00| 0 eng d | ||
| 040 |
_aFISK _beng _cFISK _dFISK |
||
| 050 | _aPZ7.H83727 | ||
| 082 | _a813.54 | ||
| 100 |
_aHowe James : _d1946- |
||
| 245 |
_aThe misfits / _cJames Howe |
||
| 260 |
_aNew York : _bJames Howe, _c2003 |
||
| 300 |
_a274 pages : _c20 cm |
||
| 505 | _aU | ||
| 520 | _aFour students who do not fit in at their small-town middle school decide to create a third party for the student council elections to represent all students who have ever been called names. | ||
| 521 | 8 |
_a960 _bLexile |
|
| 700 | _aJames Howe | ||
| 942 |
_2ddc _cBK _n0 |
||
| 999 |
_c3405 _d3405 |
||